Statistics for (Post 2000)Expensive Car Quiz #13

Click here to take the quiz!

General Stats

  • This quiz has been taken 40 times
  • The average score is 26 of 35

Answer Stats

ModelAutomaker% Correct
2003-2010; SLR McLarenMercedes-Benz
100%
2001-2009; X-TypeJaguar
97%
2013-Present; P1McLaren
97%
2004-Present; 1 SeriesBMW
97%
2007-Present; GTRNissan
95%
2001-2010; MurcielagoLamborghini
95%
2004-2006; GTFord
95%
2007-Present; R8Audi
95%
2014-; MacanPorsche
95%
2010-Present; GhostRolls-Royce
92%
2013-; 4CAlfa Romeo
92%
2002-2006; 575MFerrari
92%
2003-Present; Continental GTBentley
89%
2003-2012; RX-8Mazda
89%
2010-2012; LFALexus
89%
2003-2004; DB AR1Aston Martin
89%
2004-2005; MC12Maserati
86%
2002-Present; PhaetonVolkswagen
84%
2006-2010; Europa SLotus
76%
2004-2007; M400Noble
76%
2011-2012; KarmaFisker Automotive
76%
2003-2009; XLRCadillac
73%
2002-2013; 62Maybach
73%
2011; 9-4XSAAB
73%
2005-2006; SagarisTVR
70%
2008-Present; MKSLincoln
68%
2002-2004; CC8SKoenigsegg
68%
2010-Present; RCZPeugeot
59%
2008-Present; Q1Rossion
59%
2001-2011; MT900Mosler
54%
2011-Present; MXTMastretta
41%
2001-Present; OrochiMitsuoka
32%
2000-2001; OriginToyota
24%
2014-; GEEmgrand (Geely)
19%
2008-Present: RR600Fornasari
16%

Score Distribution

Percentile by Number Answered

Percent of People with Each Score

Your Score History

You have not taken this quiz